| 000 | 00631nam a22001937a 4500 | ||
|---|---|---|---|
| 005 | 20251108165831.0 | ||
| 008 | 250721s9999 xx 000 0 ara d | ||
| 082 | 1 | 4 | _aط/923.5/مثن |
| 100 | 1 | _aالدومي، أحمد عبد الجواد | |
| 245 | 1 | 0 | _aالمثنى بن حارثة الشيباني / |
| 264 | 1 |
_aبيروت : _bمنشورات المكتبة العصرية، _c[19-]. |
|
| 300 | _a88ص | ||
| 490 | 0 | _aمن أبطال الإسلام ؛ 2 | |
| 650 | 1 | 7 | _aالتراجم |
| 653 | _aناشئون صغار (10-14) سنة | ||
| 700 | 1 | _aالعناني، حسن صالح | |
| 942 |
_2ddc _cBK |
||
| 999 |
_c32467 _d32467 |
||